000 00310 a2200145 4500
001 64268
040 _cAnchieta - Pituba
100 _aMacedo, Joaquim Manuel de
240 1 0 _aO moço loiro
_lpor
245 1 0 _aO moço loiro
300 _a337
362 0 _a1971
650 4 _aFicção brasileira
942 _cBK
999 _c64268
_d64268